000 00388nam a22001457a 4500
999 _c17672
_d17672
008 190517b xxu||||| |||| 00| 0 eng d
040 _aKABU
_cKABU
110 _aCarolemandi Media
245 _aTrue Love Magazine
_cCarolemandi Media
246 _aTrue Love East Africa
260 _aNairobi, Kenya
_bCarolemandi Media
300 _av: ill.
650 _aPeriodicals
942 _2lcc
_cPER